<?xml version="1.0" encoding="UTF-8"?>
<record
    xmlns:xsi="http://www.w3.org/2001/XMLSchema-instance"
    xsi:schemaLocation="http://www.loc.gov/MARC21/slim http://www.loc.gov/standards/marcxml/schema/MARC21slim.xsd"
    xmlns="http://www.loc.gov/MARC21/slim">

  <leader>02846nam a2200529Ia 4500</leader>
  <controlfield tag="001">3024</controlfield>
  <controlfield tag="008">241029s9999    xx            000 0 und d</controlfield>
  <datafield tag="010" ind1=" " ind2=" ">
    <subfield code="a">2837</subfield>
  </datafield>
  <datafield tag="041" ind1=" " ind2=" ">
    <subfield code="a">Espa&#xF1;ol</subfield>
  </datafield>
  <datafield tag="082" ind1=" " ind2=" ">
    <subfield code="a">NO APLICA</subfield>
  </datafield>
  <datafield tag="245" ind1=" " ind2="0">
    <subfield code="a">Dificultades en la producci&#xF3;n de la escritura en los estudiantes del Segundo Ciclo del Nivel B&#xE1;sico de la Escuela Porvenir II, del Distrito Educativo 05-01, San Pedro de Macor&#xED;s, durante el per&#xED;odo 2008-2009.</subfield>
  </datafield>
  <datafield tag="260" ind1=" " ind2=" ">
    <subfield code="a">San Pedro de Macor&#xED;s</subfield>
  </datafield>
  <datafield tag="300" ind1=" " ind2=" ">
    <subfield code="a">116</subfield>
  </datafield>
  <datafield tag="520" ind1=" " ind2=" ">
    <subfield code="a">20</subfield>
  </datafield>
  <datafield tag="630" ind1=" " ind2=" ">
    <subfield code="a">Proceso Educativo</subfield>
  </datafield>
  <datafield tag="630" ind1=" " ind2=" ">
    <subfield code="a">Producci&#xF3;n Escrita</subfield>
  </datafield>
  <datafield tag="650" ind1=" " ind2=" ">
    <subfield code="a">Lengua Espa&#xF1;ola</subfield>
  </datafield>
  <datafield tag="690" ind1=" " ind2=" ">
    <subfield code="a">Copiado sin cambios</subfield>
  </datafield>
  <datafield tag="700" ind1=" " ind2=" ">
    <subfield code="e">asesor</subfield>
    <subfield code="a">Espinal, Olga </subfield>
  </datafield>
  <datafield tag="700" ind1=" " ind2=" ">
    <subfield code="e">autor</subfield>
    <subfield code="a">de los Santos, Agust&#xED;n Francisco</subfield>
  </datafield>
  <datafield tag="901" ind1=" " ind2=" ">
    <subfield code="a">{"1":"de los Santos"}</subfield>
    <subfield code="b">{"1":"Agust&#xED;n Francisco"}</subfield>
  </datafield>
  <datafield tag="902" ind1=" " ind2=" ">
    <subfield code="a">1</subfield>
  </datafield>
  <datafield tag="903" ind1=" " ind2=" ">
    <subfield code="a">{"1":"Espinal"}</subfield>
    <subfield code="b">{"1":"Olga "}</subfield>
  </datafield>
  <datafield tag="904" ind1=" " ind2=" ">
    <subfield code="a">Maestr&#xED;a en</subfield>
  </datafield>
  <datafield tag="905" ind1=" " ind2=" ">
    <subfield code="a">Ling&#xFC;&#xED;stica Aplicada</subfield>
  </datafield>
  <datafield tag="906" ind1=" " ind2=" ">
    <subfield code="a">1</subfield>
  </datafield>
  <datafield tag="907" ind1=" " ind2=" ">
    <subfield code="a">con Aplicaci&#xF3;n a</subfield>
  </datafield>
  <datafield tag="908" ind1=" " ind2=" ">
    <subfield code="a">Ense&#xF1;anza de la Lengua Espa&#xF1;ola</subfield>
  </datafield>
  <datafield tag="909" ind1=" " ind2=" ">
    <subfield code="a">ISFODOSU, Recinto Juan Vicente Moscoso</subfield>
  </datafield>
  <datafield tag="910" ind1=" " ind2=" ">
    <subfield code="a">NULL</subfield>
    <subfield code="b">NULL</subfield>
  </datafield>
  <datafield tag="911" ind1=" " ind2=" ">
    <subfield code="a">["1"]</subfield>
  </datafield>
  <datafield tag="912" ind1=" " ind2=" ">
    <subfield code="a">NO APLICA</subfield>
  </datafield>
  <datafield tag="913" ind1=" " ind2=" ">
    <subfield code="a">NULL</subfield>
  </datafield>
  <datafield tag="914" ind1=" " ind2=" ">
    <subfield code="a">07 de Diciembre de 2009</subfield>
  </datafield>
  <datafield tag="915" ind1=" " ind2=" ">
    <subfield code="a">04/12/19 09:12</subfield>
  </datafield>
  <datafield tag="916" ind1=" " ind2=" ">
    <subfield code="a">NULL</subfield>
  </datafield>
  <datafield tag="917" ind1=" " ind2=" ">
    <subfield code="a">NULL</subfield>
  </datafield>
  <datafield tag="918" ind1=" " ind2=" ">
    <subfield code="a">NO APLICA</subfield>
  </datafield>
  <datafield tag="919" ind1=" " ind2=" ">
    <subfield code="a">["165","166"]</subfield>
  </datafield>
  <datafield tag="520" ind1=" " ind2=" ">
    <subfield code="a">Fueron encuestados cuarenta (40) estudiantes, ocho (8) profesores que est&#xE1;n involucrados en el proceso educativo de esta escuela objeto de estudio sobre las dificultades en la producci&#xF3;n de la escritura de los estudiantes. Se le pregunt&#xF3; a los encuestados sobre las dificultades en los aspectos de la Lengua Espa&#xF1;ola en las clases de producci&#xF3;n escrita, sobre el manejo de la metodolog&#xED;as, estrategias y t&#xE9;cnicas sugerida por el nuevo dise&#xF1;o curricular y de los enfoques curriculares en la comunicaci&#xF3;n escrita.Los resultados arrojados indican, que los encuestados reconocen de una forma u otra que presentan dificultades y fallas en el proceso ense&#xF1;anza-aprendizaje de la Lengua Espa&#xF1;ola y la producci&#xF3;n escrita en este Centro Educativo. Aunque en algunos de los profesores y profesoras se observ&#xF3; que realizan su planificaci&#xF3;n previas y que utilizan los contenidos de acuerdo al dise&#xF1;o curricular. Los docentes muchas veces realizan una planificaci&#xF3;n previa a la clase, pero no le dan participaci&#xF3;n a los estudiantes para preparar los contenidos de las actividades que ser&#xE1;n realizadas en la producci&#xF3;n escrita. Esto se determin&#xF3; ,al considerar las respuestas de los datos arrojados de la encuesta aplicada a estudiantes y profesores de la Escuela Porvenir II, del Distrito Educativo 01 de la Regional 05 de San Pedro de Macor&#xED;s.</subfield>
  </datafield>
  <datafield tag="921" ind1=" " ind2=" ">
    <subfield code="a">2</subfield>
  </datafield>
  <datafield tag="922" ind1=" " ind2=" ">
    <subfield code="a">2</subfield>
  </datafield>
  <datafield tag="923" ind1=" " ind2=" ">
    <subfield code="a">0</subfield>
  </datafield>
  <datafield tag="924" ind1=" " ind2=" ">
    <subfield code="a">NO APLICA</subfield>
  </datafield>
  <datafield tag="942" ind1=" " ind2=" ">
    <subfield code="c">Tesis</subfield>
  </datafield>
  <datafield tag="999" ind1=" " ind2=" ">
    <subfield code="c">2837</subfield>
    <subfield code="d">2837</subfield>
  </datafield>
</record>
